000
00236nam a2200109 a 4500
008
101209s1991|||| d
245
1
0
_a
Pražské Ghetto
260
_b
Olympia
_a
Praha
_c
1991
020
_c
10
041
_a
ces
044
_a
CZ
999
_c
15034
_d
15034